| Tag |
First Indicator |
Second Indicator |
Subfields |
| LEADER |
00000cai a2200000 i 4500 |
| 001 |
in00004019607 |
| 005 |
20211120101957.0 |
| 006 |
m o d f |
| 007 |
cr mn||||||||| |
| 008 |
181114c20189999dcu x w obb f0 2eng c |
| 010 |
|
|
|a 2018231918
|
| 035 |
|
|
|a (OCoLC)on1065529061
|
| 040 |
|
|
|a GPO
|b eng
|e rda
|e pn
|c GPO
|d MvI
|d UtOrBLW
|
| 042 |
|
|
|a pcc
|
| 049 |
|
|
|a WWW
|
| 074 |
|
|
|a 0807-A-07 (online)
|
| 086 |
0 |
|
|a LC 14.23:R 43255/
|
| 100 |
1 |
|
|a Heisler, Elayne J.,
|d 1976-
|e author.
|0 http://id.loc.gov/authorities/names/no2004025022
|
| 245 |
1 |
4 |
|a The mental health workforce :
|b a primer /
|c Elayne J. Heisler.
|
| 250 |
|
|
|a [Library of Congress public edition].
|
| 264 |
|
1 |
|a [Washington, D.C.] :
|b Congressional Research Service,
|c 2018-
|
| 300 |
|
|
|a 1 online resource.
|
| 310 |
|
|
|a Updated irregularly
|
| 336 |
|
|
|a text
|b txt
|2 rdacontent
|
| 337 |
|
|
|a computer
|b c
|2 rdamedia
|
| 338 |
|
|
|a online resource
|b cr
|2 rdacarrier
|
| 490 |
1 |
|
|a Report / Congressional Research Service ;
|v R43255
|
| 500 |
|
|
|a The CRS report home page provides access to all versions published since 2018 in accordance with P.L. 115-141.
|
| 504 |
|
|
|a Report includes bibliographical references.
|
| 588 |
|
|
|a Description based on on contents viewed on November 14, 2018; title from CRS report home page.
|
| 650 |
|
0 |
|a Mental health personnel.
|0 http://id.loc.gov/authorities/subjects/sh85083629
|
| 650 |
|
0 |
|a Mental health services.
|0 http://id.loc.gov/authorities/subjects/sh85083636
|
| 710 |
2 |
|
|a Library of Congress.
|b Congressional Research Service,
|e issuing body.
|0 http://id.loc.gov/authorities/names/n79061321
|
| 773 |
0 |
8 |
|i Contained in (work):
|t CRS reports (Library of Congress. Congressional Research Service)
|w (DLC) 2018231131
|w (OCoLC)1052784408
|
| 830 |
|
0 |
|a CRS report ;
|v R43255.
|0 http://id.loc.gov/authorities/names/no2018108464
|
| 856 |
4 |
0 |
|u https://purl.fdlp.gov/GPO/gpo111642
|t 0
|
| 999 |
f |
f |
|s 7da9ca07-9cdc-38ba-a2fc-a43e722fbd7d
|i 71155d66-c738-3366-85b4-8b8fb8b98e8d
|t 0
|
| 952 |
f |
f |
|a Texas A&M University
|b College Station
|c Electronic Resources
|d Available Online
|t 0
|e LC 14.23:R 43255/
|h Superintendent of Documents classification
|
| 998 |
f |
f |
|a LC 14.23:R 43255/
|t 0
|l Available Online
|